Yüklüyor......

Prathimanatakam Tr.by A P P Namboothiri.Ed.2 /

Detaylı Bibliyografya
Yazar: Bhasan
Dil:Undetermined
Baskı/Yayın Bilgisi: Kozhikode : Poorna , 2006.
Konular:
LEADER 00771nam a2200181Ia 4500
001 149707
008 170722s9999 xx 000 0 und d
020 |a 8130003457 
100 |a Bhasan 
245 |a Prathimanatakam  |b Tr.by A P P Namboothiri.Ed.2 / 
260 |a Kozhikode :  |b Poorna ,  |c 2006. 
300 |a 75 p. 
653 |a Sanskrit Drama 
923 |d 20061228  |n TY/1097-11 
942 |c GEN 
999 |c 133707  |d 133707 
952 |0 0  |1 0  |4 0  |6 O_152D35P_32P6KRP61  |7 0  |8 KR  |9 188804  |a LIB  |b LIB  |d 2013-03-25  |e TBS Publishers&Distributors  |o O15,2D35,P 32P6(KR)-P6;1  |p 262650  |r 2017-08-12  |v 42.00  |w 2017-08-12  |y GEN 
952 |0 0  |1 0  |4 0  |6 O_152D35P_32P6KRP61  |7 0  |9 188805  |a LIB  |b LIB  |d 2013-03-25  |e TBS Publishers&Distributors  |l 5  |o O15,2D35,P 32P6(KR)-P6;1  |p 262651  |r 2019-12-30  |s 2019-11-27  |v 42.00  |w 2017-08-12  |y GEN